000 01439nam0a22002771 4500
001 rc\2771896
005 20260408014611.0
035 _a(NLR Aleph) 006898260
090 _a7220112
_c7220112
100 _a20110915d1941 u y0rusy50 ca
101 0 _arus
102 _aRU
105 _aa z |||||
200 1 _aИнструкция по применению и эксплоатации эксцентриковых грохотов
_e(Модель СССМ-774 и СССМ-751)
_fИнж. В. А. Бауман
_g[Сост. конторой тех. помощи по механизации строит. работ "Техстроймеханизация"]
_gНар. ком. по строит-ву СССР, Гл. упр. по механизации строит-ва
210 _aМосква
_aЛенинград
_cГосстройиздат
_d1941
_eЛенинград
215 _a40 с.
_cил., черт.
_d20 см.
300 _aНа обороте тит. л. указан автор: инж. В. А. Бауман
702 1 _aБауман
_bВ.А.
_gВиктор Александрович
_4570
712 0 2 _a"Техстроймеханизация", контора
_cМосква
_3RU\NLR\AUTH\8810177521
_9851134
801 0 _aRU
_bNLR
_gpsbo
801 1 _aRU
_bELAR
_2rusmarc
852 _aNLR
_jТ26 Г-4/44
942 _cBOOK
945 _aРоссийская национальная библиотека
980 _aNB
980 _aBV